000 00911nmc a2200325 a 4500
003 AR-BaBNM
005 20251128210601.0
008 050020s1999 ||||||||||||||000 | spa||
020 _a84-493-0773-2
040 _cAR-BaBNM
100 1 _aPressley, Michael
245 1 0 _aCómo enseñar a leer
260 _aBarcelona
_bPaidós
_c1999
300 _a317 p.
490 0 _aTemas de educación
_vv. 51
500 _aContiene referencias bibliográficas e índice analítico
650 4 _aENSENANZA DE LA LECTURA
650 4 _aALFABETIZACION
650 4 _aDIFICULTAD EN LA LECTURA
650 4 _aPROCESO DE LECTURA
650 4 _aMOTIVACION DEL ALUMNO
653 _aENSENANZA DE LA LENGUA
653 _aLECTOESCRITURA
653 _aEDUCACION PRIMARIA
653 _aPRIMER CICLO DE LA EGB
653 _aCOMPRENSION LECTORA
800 1 _aColl, Cesar
_edirector
942 _cBK
998 _cRaquel
999 _c16040
_d16040